كيف إبتكر العالم الكرة / (رقم التسجيلة. 40315)

تفاصيل مارك
000 -LEADER
fixed length control field 00548nam a22001817a 4500
005 - DATE AND TIME OF LATEST TRANSACTION
control field 20251108170125.0
008 - FIXED-LENGTH DATA ELEMENTS--GENERAL INFORMATION
fixed length control field 250721s1984 xx 000 0 ara d
082 14 - DEWEY DECIMAL CLASSIFICATION NUMBER
Classification number ط/ق/نوس
100 1# - MAIN ENTRY--PERSONAL NAME
Personal name نوسوف، نيقولاي
245 10 - TITLE STATEMENT
Title كيف إبتكر العالم الكرة /
264 1# - PRODUCTION, PUBLICATION, DISTRIBUTION, MANUFACTURE, AND COPYRIGHT NOTICE
Place of production, publication, distribution, manufacture موسكو :
Name of producer, publisher, distributor, manufacturer دار رادوغا،
Date of production, publication, distribution, manufacture, or copyright notice 1984.
300 ## - PHYSICAL DESCRIPTION
Extent 14ص : مص
490 0# - SERIES STATEMENT
Series statement حكايات الجاهل ؛ 6
650 17 - SUBJECT ADDED ENTRY--TOPICAL TERM
Topical term or geographic name as entry element قصص الأطفال
700 1# - ADDED ENTRY--PERSONAL NAME
Personal name فرمان، غائب طعمة
Relator term ترجمة
942 ## - ADDED ENTRY ELEMENTS (KOHA)
Source of classification or shelving scheme Dewey Decimal Classification
Koha item type كتب
المقتنيات
حالة السحب حالة الفقدان مصدر التصنيف حالة التلف غير قابل للإعارة المكتبة الرئيسية المكتبة الحالية موقع الرف تاريخ التزويد الرقم المتسلسل Total Checkouts رقم الإستدعاء تاريخ آخر ظهور تاريخ الفاتورة نوع المادة (كوها) الباركود
    Dewey Decimal Classification Unchecked   مكتبة الحسن العامة مكتبة الحسن العامة الأطفال 06/07/2004 461   ط/ق/نوس 28/07/2025 06/07/2004 كتب  
    Dewey Decimal Classification Unchecked   مكتبة النصر العامة مكتبة النصر العامة الأطفال 06/07/2004 537   ط/ق/نوس 28/07/2025 06/07/2004 كتب  
    Dewey Decimal Classification Unchecked   مكتبة صويلح العامة مكتبة صويلح العامة الأطفال 06/07/2004 76   ط/ق/نوس 28/07/2025 06/07/2004 كتب  
    Dewey Decimal Classification     مكتبة صويلح العامة مكتبة صويلح العامة الأطفال 20/08/2019 04707   ط/ق/نوس 28/07/2025 20/08/2019 كتب PLD00462967
Implemented & Customized by: BBB with SCIT (Smart Chains for Information Technology)

Powered by Koha